Länder mit Amtssprache Deutsch - Statistiken

Allgemein
  • Dieses Quiz wurde 102 mal gespielt
  • Das Durchschnittsergebnis liegt bei 6 aus 6
Antwortstatistiken
Kontinent # Land % Korrekt
Europa 1 Deutschland
100%
Europa 1 Österreich
100%
Europa 4 Schweiz
100%
Europa 3 Luxemburg
97%
Europa 1 Liechtenstein
91%
Europa 3 Belgien
90%
Keine übereinstimmenden Quizze gefunden
Verteilung der Resultate
Anzahl Personen mit jedem Resultat
Perzentil nach korrekt beantworteten Fragen
Ihre Resultats-Entwicklung
Sie haben dieses Quiz noch nicht gespielt